书目信息 |
| 题名: |
竞争力经济学
|
|
| 作者: | 金碚, 著 | |
| 分册: | ||
| 出版信息: | 广州 广东经济出版社 2003.05 |
|
| 页数: | 520页 | |
| 开本: | 24cm | |
| 丛书名: | ||
| 单 册: | ||
| 中图分类: | F019 | |
| 科图分类: | ||
| 主题词: | 经济理论--jing ji li lun--研究 | |
| 电子资源: | ||
| ISBN: | 7-80677-447-5 | |
| 000 | 00946nam0 2200241 450 | |
| 001 | 012007083107 | |
| 005 | 20070924105705.04 | |
| 010 | @a7-80677-447-5@dCNY58.00 | |
| 100 | @a20070811d2003 km y0chiy0120 ea | |
| 101 | 0 | @achi |
| 102 | @aCN@b440000 | |
| 105 | @aa a 000yy | |
| 200 | 1 | @a竞争力经济学@Ajing zheng li jing ji xue@d= Economics of competitiveness@f金碚等著@Fjin bei deng zhu@zeng |
| 210 | @a广州@c广东经济出版社@d2003.05 | |
| 215 | @a520页@c图@d24cm | |
| 320 | @a有书目 (第519-520页)。 | |
| 330 | @a本书系统剖析和论述了经济学及其各主要分支学科在竞争力研究方面所取得的成果,以及将有可能做出的进一步的理论贡献。论证了在竞争力研究领域,经济学可以有其专门的研究对象、特殊的假定前提(抽象条件)和逻辑线路、专门的理论模型等。 | |
| 510 | 1 | @aEconomics of competitiveness@zeng |
| 606 | 0 | @a经济理论@Ajing ji li lun@x研究 |
| 690 | @aF019@v4 | |
| 701 | 0 | @a金碚,@Ajin bei@f1951- @4著 |
| 801 | 0 | @aCN@c20070924 |
| 905 | @dF019@eJ753 | |
| 竞争力经济学= Economics of competitiveness/金碚等著.-广州:广东经济出版社,2003.05 |
| 520页:图;24cm |
| ISBN 7-80677-447-5:CNY58.00 |
| 本书系统剖析和论述了经济学及其各主要分支学科在竞争力研究方面所取得的成果,以及将有可能做出的进一步的理论贡献。论证了在竞争力研究领域,经济学可以有其专门的研究对象、特殊的假定前提(抽象条件)和逻辑线路、专门的理论模型等。 |
| ● |
| 相关链接 |
|
|
|
正题名:竞争力经济学
索取号:F019/J753
 
预约/预借
| 序号 | 登录号 | 条形码 | 馆藏地/架位号 | 状态 | 备注 |
| 1 | 257924 | 202579245 | 社科库409/409社科库 63排3列1层/ [索取号:F019/J753] | 在馆 | |
| 2 | 257925 | 202579254 | 社科库409/409社科库 63排3列1层/ [索取号:F019/J753] | 在馆 | |
| 3 | 257926 | 202579263 | 社科库409/409社科库 63排3列1层/ [索取号:F019/J753] | 在馆 |